LDR 00740naa#a2200193#i#450# 001 EN\\bibl\121896 005 20260429151210.3 011 ## _a2072-9502 100 ## _a20260427b2026####ek#y0engy0150####ca 102 ## _aRU 200 1# _aModification of the post-quantum key encapsulation mechanism “Zemlyanika” _eJournal article 210 1# _aAstrakhan _cAstrakhan State Technical University _d2026 215 ## _a7 с. 608 ## _aJournal article _2local 675 ## _aБезопасность, защищённость данных. 004.056 _aКриптография. Тайнопись. 003.26 _z 700 #1 _aDaviduk _gNadezhda Valerievna 700 #1 _aEfendiev _gFeliks Zagidinovich 700 #1 _aPopov _gGeorgiy Aleksandrovich 856 4# _avestnik.astu.org _u